Pensieri tratti dalle conferenze della Prima Maestra,I (Record n. 31871)
[ formato base ]
| 000 -LEADER | |
|---|---|
| fixed length control field | 00852nam a2200205Ia 4500 |
| 003 - CONTROL NUMBER IDENTIFIER | |
| control field | IT-RoPAU |
| 005 - DATE AND TIME OF LATEST TRANSACTION | |
| control field | 20220918175826.0 |
| 008 - FIXED-LENGTH DATA ELEMENTS--GENERAL INFORMATION | |
| fixed length control field | 120407s9999 xx 000 0 und d |
| 040 ## - CATALOGING SOURCE | |
| Original cataloging agency | IT-RoPAU |
| Transcribing agency | 20140322110039.0 |
| 040 ## - CATALOGING SOURCE | |
| Transcribing agency | IT-RoPAU |
| 041 ## - LANGUAGE CODE | |
| Language code of text/sound track or separate title | ita |
| 100 ## - MAIN ENTRY--PERSONAL NAME | |
| Personal name | Merlo, Tecla |
| 9 (RLIN) | 16931 |
| 245 ## - TITLE STATEMENT | |
| Title | Pensieri tratti dalle conferenze della Prima Maestra,I |
| 260 ## - PUBLICATION, DISTRIBUTION, ETC. (IMPRINT) | |
| Date of publication, distribution, etc. | 1954 |
| Place of publication, distribution, etc. | Roma |
| Name of publisher, distributor, etc. | Tip. FSP |
| 300 ## - PHYSICAL DESCRIPTION | |
| Extent | 299 p. |
| Dimensions | 14,5 cm |
| 490 ## - SERIES STATEMENT | |
| Volume/sequential designation | 1 |
| Series statement | Edizioni Paoline |
| 520 ## - SUMMARY, ETC. | |
| Summary, etc. | Indice<br/><br/>Costituzioni<br/>Pietà - fervore<br/>Divozione alla Madonna<br/>Spirito di fede<br/>Generosità<br/>Povertà<br/>Castità<br/>Obbedienza<br/>Carità<br/>Vita comune<br/>Umiltà<br/>Sincerità<br/>Serenità<br/>Spirito di adattamento<br/>Silenzio<br/>Amore ai Superiori a alla Congregazione<br/>Studio e apostolato<br/>Letture<br/>Vocazioni<br/>Cura della salute<br/>Pensieri d'occasione<br/>Avvisi vari<br/>Lettere |
| 942 ## - ADDED ENTRY ELEMENTS (KOHA) | |
| Koha item type | LIBRO |
| Source of classification or shelving scheme | Dewey Decimal Classification |
| Withdrawn status | Lost status | Source of classification or shelving scheme | Damaged status | Not for loan | Home library | Current library | Date acquired | Total Checkouts | Full call number | Date last seen | Price effective from | Koha item type |
|---|---|---|---|---|---|---|---|---|---|---|---|---|
| Dewey Decimal Classification | Buone Condizioni | Not For Loan | PAULUS-BIBLIOTECA | PAULUS-BIBLIOTECA | 11/04/2012 | P D3 | 11/04/2012 | 11/04/2012 | LIBRO |